Sustainability in the Corporate Strategy of European Wellness Hotels as a Generic Approach Based on the UN's SDGs and the Experiences of the COVID-19 Pandemic dizertačná práca

Salvato in:
Dettagli Bibliografici
Autore principale: Maas, Maximilian, 1988-
Ente Autore: Fakulta podnikového manažmentu EU. Katedra podnikových financií
Altri autori: Dorčák, Peter, 1979-
Natura: Libro
Lingua:inglese
Pubblicazione: Bratislava 2024
Tags: Aggiungi Tag
Nessun Tag, puoi essere il primo ad aggiungerne!!

MARC

LEADER 00000nbm a2200000 4500
001 0305507
005 20250806101728.4
041 0 |a eng 
044 |a SK 
245 1 0 |a Sustainability in the Corporate Strategy of European Wellness Hotels as a Generic Approach Based on the UN's SDGs and the Experiences of the COVID-19 Pandemic  |b dizertačná práca  |c Maximilian Maas ; školiteľ: Peter Dorčák 
264 1 |a Bratislava  |c 2024 
300 |a 156 s. 
100 1 |a Maas, Maximilian, 1988- 
700 1 |a Dorčák, Peter, 1979- 
710 2 |a Fakulta podnikového manažmentu EU. Katedra podnikových financií